El contrato de trabajo y sus modalidades (Registro nro. 25506)
[ vista simple ]
| 000 -Cabecera | |
|---|---|
| Campo de control interno | 00702nam a22002417a 4500 |
| 005 - Fecha y hora del registro | |
| control field | 20260428172937.0 |
| 008 - Elementos de Longitud Fija | |
| fixed length control field | 260427b |||||||| |||| 00| 0 spa d |
| 020 ## - ISBN | |
| ISBN | 9786123113346 |
| 041 ## - Idioma | |
| Codigo Idioma | ESP |
| 082 ## - DEWEY y NOTACIÓN INTERNA | |
| Dewey | 348.6 |
| Notación Interna | G68 |
| 100 ## - AUTOR | |
| Autor denominación | Gonzales Ramírez, Luis Álvaro |
| 245 ## - TÍTULO DE MATERIAL BIBLIOGRÁFICO | |
| Título | El contrato de trabajo y sus modalidades |
| 260 ## - CIUDAD, EDITORIAL, AÑO | |
| Ciudad | Lima : |
| Nombre de la Editorial | Gaceta Jurídica, |
| Año | 2016 |
| 300 ## - DESCRIPCIÓN | |
| N° Páginas | 174 páginas : |
| Otros detalles | cuadros ; |
| Dimensiones | 24 cm. |
| 440 ## - MENCIÓN DE SERIE | |
| Título de la Serie | ; |
| 650 ## - TEMAS | |
| Temas | Ciencias Sociales |
| 653 ## - DESCRIPTORES | |
| Lenguajes no controlado | Cotratos de trabajo, modelos, Perú |
| 654 ## - PROGRAMAS | |
| Programa | Dpto. de Derecho y Ciencia Política |
| 700 ## - OTROS AUTORES | |
| Otros autores | ; |
| 856 ## - URL - UBICACIÓN | |
| Nota pública: Versión digital | <a href="Véase además: Biblioteca Digital">Véase además: Biblioteca Digital</a> |
| URI/URL: Enlace exacto del recurso | <a href="https://itmsp.museknowledge.com/UCSP?groupID=2">https://itmsp.museknowledge.com/UCSP?groupID=2</a> |
| 942 ## - ELEMENTOS DE KOHA | |
| Tipo de documento | Libro |
| Nombre del creador | Justo Noguera |
| Código de catalogador | Mirtha Ponce |
| Suppress in OPAC | No |
| Esquema de clasificación | Dewey Decimal Classification |
| Codigo completo | Registro | Colección | Copia número | Disponibilidad | Tipo de préstamo | Biblioteca Actual | Procedencia (Biblioteca) | Ubicacón | Fecha Ingreso | Tipo de Adquisición | Observación | Date last seen | Total checkouts | Price effective from | Tipo de Item | Estado del Material | Fuente de Clasificación | Damaged status | Withdrawn status |
|---|---|---|---|---|---|---|---|---|---|---|---|---|---|---|---|---|---|---|---|
| 348.6 G68 | 1088652 | Universidad Católica San Pablo | 1 | No disponible | Proceso | Víctor Andrés Belaunde | Víctor Andrés Belaunde | Primer piso | 27/04/2026 | Donación | Derecho | 27/04/2026 | 27/04/2026 | Libro | Bueno | Dewey Decimal Classification | Withdrawn |




